000
00298nam a22001337a 4500
008
170405b xxu||||| |||| 00| 0 eng d
020
_a
9780781732086
041
_a
eng
080
_a
616.34
100
_a
9
101
_a
SHM
245
_a
GASTROINTENSTINAL FUNCTIONS
_c
DELVIN, E.E
942
_2
udc
_c
BK
999
_c
9853
_d
9853